[Event "XIX Festival Conca della Presolana Magistrale"]
[Site "Bratto - Castione della Presolana ITA"]
[Date "1999.08.23"]
[Round "2"]
[White "Zaitsev, Vadim"]
[Black "Vita, Fabrizio"]
[Result "1-0"]
[WhiteElo "2411"]
[BlackElo "2114"]
[PlyCount "81"]
[EventDate "1999.08.22"]

1.Nf3 c5 2.g3 Nc6 3.Bg2 g6 4.c3 Bg7 5.d4 cxd4 6.cxd4 d5 7.Nc3 Nf6 8.Ne5 
O-O 9.Nxc6 bxc6 10.O-O Rb8 11.b3 e5 12.dxe5 Ng4 13.Bb2 Nxe5 14.Na4 Re8 15.
Rc1 Bf5 16.Re1 Rc8 17.Qd2 Qe7 18.Bd4 Be4 19.Bh3 Bf5 20.Bxf5 gxf5 21.Bxe5 
Qxe5 22.Nc5 d4 23.Nd3 Qd6 24.Rc5 Bh6 25.Qa5 f4 26.Rf5 fxg3 27.hxg3 Qg6 28.
Rf3 Bg7 29.Kg2 Re7 30.Rh1 Qe4 31.Rh4 Qd5 32.Qd2 Rce8 33.Nf4 Qg5 34.Qc2 h6 
35.Qxc6 Re4 36.Qd7 Qe7 37.Qg4 Kh7 38.Qf5+ Kg8 39.Nd5 Qe6 40.Rxe4 Qxf5 41.
Rxe8+ 1-0

[Event "XIX Festival Conca della Presolana Magistrale"]
[Site "Bratto - Castione della Presolana ITA"]
[Date "1999.08.24"]
[Round "3"]
[White "Alberton, Roberto"]
[Black "Solinas, Carlo"]
[Result "1-0"]
[WhiteElo "2138"]
[BlackElo "2087"]
[PlyCount "69"]
[EventDate "1999.08.22"]

1.Nf3 Nf6 2.b3 g6 3.Bb2 Bg7 4.e3 O-O 5.c4 d6 6.Be2 e5 7.d3 Nbd7 8.Nbd2 Re8
9.O-O c6 10.Ne4 d5 11.Nd6 Re6 12.Nxf7 Kxf7 13.Ng5+ Ke7 14.f4 h6 15.Nxe6 
Kxe6 16.Bg4+ Kd6 17.Bxd7 Nxd7 18.Qg4 Kc7 19.Qxg6 Qf6 20.Qe8 Qf8 21.Qh5 Qc5
22.Rae1 d4 23.exd4 exd4 24.Qxc5 Nxc5 25.Re7+ Bd7 26.Rxg7 Nxd3 27.Bxd4 Re8 
28.Rd1 Nxf4 29.Bxa7 Rd8 30.c5 Nd5 31.Rxd5 cxd5 32.Bb6+ Kc8 33.Bxd8 Kxd8 
34.Kf2 Kc7 35.Kf3 1-0

[Event "XIX Festival Conca della Presolana Magistrale"]
[Site "Bratto - Castione della Presolana ITA"]
[Date "1999.08.24"]
[Round "3"]
[White "Astengo, Corrado"]
[Black "Mantovani, Renzo"]
[Result "0-1"]
[WhiteElo "2164"]
[BlackElo "2419"]
[PlyCount "54"]
[EventDate "1999.08.22"]

1.e4 c5 2.Nf3 d6 3.d4 cxd4 4.Nxd4 Nf6 5.Nc3 Nc6 6.f4 g6 7.Nxc6 bxc6 8.e5 
dxe5 9.Qxd8+ Kxd8 10.fxe5 Ng4 11.Bf4 Bg7 12.Rd1+ Bd7 13.Ba6 Bxe5 14.Bb7 
Bxf4 15.Bxc6 Kc7 16.Bxd7 Ne3 17.Rd2 Rhd8 18.Bh3 Rxd2 19.Kxd2 Rd8+ 20.Ke2 
Nxc2 21.Rd1 Rxd1 22.Kxd1 Ne3+ 23.Ke2 f5 24.Nd1 Nxd1 25.Kxd1 Bxh2 26.Ke2 h5
27.Kf2 h4 0-1

[Event "XIX Festival Conca della Presolana Magistrale"]
[Site "Bratto - Castione della Presolana ITA"]
[Date "1999.08.24"]
[Round "3"]
[White "Barbafiera, Luigi"]
[Black "Lapiccirella, Mattia"]
[Result "0-1"]
[WhiteElo "1915"]
[BlackElo "2124"]
[PlyCount "136"]
[EventDate "1999.08.22"]

1.c4 Nf6 2.Nc3 g6 3.g3 Bg7 4.Bg2 O-O 5.Nf3 d6 6.O-O e5 7.d3 Nc6 8.Rb1 a5 
9.a3 h6 10.b4 axb4 11.axb4 Be6 12.h3 Qd7 13.Kh2 Rab8 14.e4 Ne8 15.Bd2 Ne7 
16.Nd5 f5 17.Nh4 Kh7 18.Nxe7 Qxe7 19.exf5 gxf5 20.Qh5 Qf7 21.Qxf7 Rxf7 22.
Rfc1 Bf6 23.Nf3 Ng7 24.Ng1 b5 25.Ne2 e4 26.Nf4 exd3 27.Nxe6 Nxe6 28.Bd5 
Re7 29.cxb5 Nd4 30.Be3 Ne2 31.Rc6 Nc3 32.Rxc3 Bxc3 33.Rb3 Be1 34.Bc6 d2 
35.Rd3 d1=Q 36.Rxd1 Bxb4 37.Ba7 Rd8 38.b6 cxb6 39.Bxb6 Rc8 40.Ba4 Rb7 41.
Be3 Rbc7 42.Bb6 Rc1 43.Rd5 Kg6 44.Bd7 Rf8 45.Be3 Rc2 46.g4 fxg4 47.hxg4 
Rc4 48.Kg3 Bc5 49.Bf5+ Kg7 50.Bf4 Re8 51.Bd3 Rd4 52.Rxd4 Bxd4 53.f3 Bf6 
54.Bd2 Rb8 55.Bf4 Rb6 56.Be4 Bg5 57.Bf5 Kf6 58.Be4 Ke6 59.Bh7 Kd5 60.Bg8+ 
Kd4 61.Bxg5 hxg5 62.f4 Rb8 63.Be6 Re8 64.f5 Ke5 65.Bf7 Ra8 66.Be6 Ra3+ 67.
Kf2 Ra4 68.Kg3 Rf4 0-1

[Event "XIX Festival Conca della Presolana Magistrale"]
[Site "Bratto - Castione della Presolana ITA"]
[Date "1999.08.24"]
[Round "3"]
[White "Bertazzo, Giorgio"]
[Black "Brancaleoni, Maurizio"]
[Result "0-1"]
[WhiteElo "2004"]
[BlackElo "2197"]
[PlyCount "128"]
[EventDate "1999.08.22"]

1.e4 g6 2.d4 Bg7 3.Nc3 d6 4.Be3 c6 5.Qd2 b5 6.Bd3 Nd7 7.f3 Ngf6 8.Bh6 Bxh6
9.Qxh6 e5 10.dxe5 dxe5 11.Nh3 Nc5 12.Nf2 Qe7 13.O-O Nh5 14.g3 Ne6 15.Ne2 
Rb8 16.Rad1 Bd7 17.Qe3 O-O 18.a3 a6 19.Qd2 Rbd8 20.Qa5 Bc8 21.Qb6 Rd6 22.
Qe3 Rfd8 23.c3 Nhg7 24.Bc2 c5 25.Rxd6 Rxd6 26.Rd1 h5 27.Rxd6 Qxd6 28.Qd3 
Qxd3 29.Bxd3 c4 30.Bc2 Nc5 31.Nc1 Kf8 32.Kf1 Ke7 33.Ke2 Bb7 34.Nd1 Ke6 35.
Ne3 f5 36.exf5+ gxf5 37.Kf2 f4 38.Ng2 fxg3+ 39.hxg3 a5 40.Ne3 Bc6 41.a4 
Kf6 42.axb5 Bxb5 43.Nd5+ Kf7 44.Ne3 Ne8 45.b3 Nd6 46.bxc4 Nxc4 47.Nd3 Nxe3
48.Kxe3 Nxd3 49.Bxd3 Bc6 50.Bc4+ Ke7 51.f4 Kd6 52.fxe5+ Kxe5 53.Bf7 a4 54.
Bc4 Bd5 55.Bxd5 Kxd5 56.Kd3 Kc5 57.Kc2 Kc4 58.Kb2 Kd3 59.Ka3 Kxc3 60.Kxa4 
Kd3 61.Kb3 Ke3 62.Kc3 Kf3 63.Kd3 Kxg3 64.Ke3 h4 0-1

[Event "XIX Festival Conca della Presolana Magistrale"]
[Site "Bratto - Castione della Presolana ITA"]
[Date "1999.08.24"]
[Round "3"]
[White "Bresciani, Nicola"]
[Black "Oppici, Gabriele"]
[Result "1-0"]
[WhiteElo "2275"]
[BlackElo "2052"]
[PlyCount "73"]
[EventDate "1999.08.22"]

1.e4 Nc6 2.Nf3 d6 3.d4 Nf6 4.Nc3 Bg4 5.Be3 e6 6.Be2 Be7 7.d5 exd5 8.exd5 
Bxf3 9.Bxf3 Ne5 10.Be2 O-O 11.f4 Ng6 12.Qd2 Re8 13.O-O-O Qd7 14.h3 Bf8 15.
Bd3 a6 16.g4 b5 17.a3 c5 18.dxc6 Qxc6 19.g5 Nd5 20.Be4 Rxe4 21.Nxe4 Nxe3 
22.Qxe3 d5 23.Nc3 Bc5 24.Qf3 Rc8 25.Qxd5 Qc7 26.Qd7 Qxf4+ 27.Kb1 Rf8 28.h4
b4 29.axb4 Qxb4 30.Ne4 Qa5 31.Qf5 Qb5 32.h5 Rb8 33.b3 Nf8 34.h6 g6 35.Qe5 
Ne6 36.Nf6+ Kf8 37.Nxh7+ 1-0

[Event "XIX Festival Conca della Presolana Magistrale"]
[Site "Bratto - Castione della Presolana ITA"]
[Date "1999.08.24"]
[Round "3"]
[White "Capece, Adolivio"]
[Black "Castaldo, Folco"]
[Result "0-1"]
[WhiteElo "2051"]
[BlackElo "2225"]
[PlyCount "75"]
[EventDate "1999.08.22"]

1.c4 e6 2.g3 Nf6 3.Bg2 d5 4.Nf3 Be7 5.O-O O-O 6.d3 b6 7.cxd5 exd5 8.Nc3 
Bb7 9.Bf4 c5 10.Ne5 Nc6 11.Rc1 Re8 12.Nxc6 Bxc6 13.e4 d4 14.Ne2 Rc8 15.Bh3
Bd7 16.Bxd7 Qxd7 17.Kg2 b5 18.b3 c4 19.bxc4 Ba3 20.cxb5 Bxc1 21.Bxc1 Qxb5 
22.Nxd4 Qb4 23.Nf5 Rcd8 24.Qf3 Qc3 25.Be3 Qxd3 26.Bxa7 Qxf3+ 27.Kxf3 Nxe4 
28.Rc1 Nd2+ 29.Kg2 g6 30.Nh6+ Kg7 31.Ng4 h5 32.Ne3 Rd7 33.Bb6 Ra8 34.Rc2 
Ne4 35.Kf3 f5 36.h4 Rd2 37.Rc7+ Kg8 38.Nd5 0-1

[Event "XIX Festival Conca della Presolana Magistrale"]
[Site "Bratto - Castione della Presolana ITA"]
[Date "1999.08.24"]
[Round "3"]
[White "Cebalo, Miso"]
[Black "Zaitsev, Vadim"]
[Result "1-0"]
[WhiteElo "2453"]
[BlackElo "2411"]
[PlyCount "69"]
[EventDate "1999.08.22"]

1.d4 Nf6 2.c4 g6 3.Nc3 Bg7 4.e4 d6 5.f4 c5 6.d5 e6 7.Nf3 exd5 8.cxd5 O-O 
9.Be2 Re8 10.e5 dxe5 11.fxe5 Ng4 12.Bg5 f6 13.exf6 Bxf6 14.Qd2 Bxg5 15.
Qxg5 Qxg5 16.Nxg5 Bf5 17.h3 Ne3 18.Kf2 Nc2 19.Rac1 Nd4 20.g4 h6 21.gxf5 
hxg5 22.Rhg1 Nd7 23.Bb5 Nxb5 24.Nxb5 Re4 25.Rxg5 Ne5 26.Rc3 Rd8 27.Re3 
Rxe3 28.Kxe3 Nc4+ 29.Kf4 Nxb2 30.Rxg6+ Kf7 31.Nd6+ Ke7 32.Re6+ Kd7 33.Nxb7
Rc8 34.f6 c4 35.Re7# 1-0

[Event "XIX Festival Conca della Presolana Magistrale"]
[Site "Bratto - Castione della Presolana ITA"]
[Date "1999.08.24"]
[Round "3"]
[White "De Barberis, Massimo"]
[Black "Scavo, Fernando"]
[Result "1/2-1/2"]
[WhiteElo "2096"]
[BlackElo "2290"]
[PlyCount "48"]
[EventDate "1999.08.22"]

1.e4 e6 2.d4 d5 3.e5 c5 4.c3 Qb6 5.Nf3 Nc6 6.a3 Nh6 7.b4 cxd4 8.Bxh6 gxh6 
9.cxd4 Bd7 10.Be2 Bg7 11.O-O Rc8 12.Qd3 O-O 13.Nbd2 Ne7 14.Nb3 a6 15.a4 
Ng6 16.Qd2 f6 17.Nc5 Rcd8 18.a5 Qc7 19.Rac1 Qb8 20.exf6 Rxf6 21.Rc3 Bc8 
22.Re3 Qf4 23.Nd3 Qd6 24.Nfe5 Rdf8 1/2-1/2

[Event "XIX Festival Conca della Presolana Magistrale"]
[Site "Bratto - Castione della Presolana ITA"]
[Date "1999.08.24"]
[Round "3"]
[White "Drabke, Lorenz Maximilian"]
[Black "Campanile, Antonio"]
[Result "1/2-1/2"]
[WhiteElo "2102"]
[BlackElo "2156"]
[PlyCount "90"]
[EventDate "1999.08.22"]

1.e4 d5 2.exd5 Qxd5 3.Nc3 Qd6 4.d4 Nf6 5.Nf3 a6 6.Be2 e6 7.O-O Be7 8.Ne5 
Nc6 9.Nxc6 Qxc6 10.Bf3 Qd6 11.g3 O-O 12.Bf4 Qb6 13.Qd2 Rd8 14.Rfd1 Bd7 15.
a4 Bb4 16.Be5 Bc6 17.Qf4 Ne8 18.d5 exd5 19.Nxd5 Qc5 20.c3 Bxc3 21.Rac1 
Bxd5 22.Rxc3 Bxf3 23.Rxd8 Rxd8 24.Rxf3 f6 25.Bc3 Rd1+ 26.Kg2 Qd5 27.Qe3 
Nd6 28.Bb4 h6 29.Bxd6 cxd6 30.Qb3 Kf7 31.Qxd5+ Rxd5 32.Rb3 b5 33.axb5 Rxb5
34.Ra3 a5 35.Kf3 d5 36.Rd3 Rxb2 37.Rxd5 a4 38.Ra5 Rb3+ 39.Kg4 Rb4+ 40.f4 
Kg6 41.h4 h5+ 42.Rxh5 a3 43.Ra5 f5+ 44.Kh3 Rb3 45.h5+ Kf6 1/2-1/2

[Event "XIX Festival Conca della Presolana Magistrale"]
[Site "Bratto - Castione della Presolana ITA"]
[Date "1999.08.24"]
[Round "3"]
[White "Drazic, Sinisa"]
[Black "Quinn, Mark Peter"]
[Result "1/2-1/2"]
[WhiteElo "2493"]
[BlackElo "2377"]
[PlyCount "52"]
[EventDate "1999.08.22"]

1.d4 Nf6 2.Nf3 d5 3.Bf4 c6 4.e3 Qb6 5.Qc1 Bf5 6.Be2 Nbd7 7.h3 h6 8.O-O g5 
9.Bg3 Ne4 10.Bh2 e6 11.Ne5 Nxe5 12.Bxe5 Rg8 13.g4 f6 14.Bh2 Bh7 15.c4 Qd8 
16.c5 f5 17.f3 Nf6 18.Nc3 Nd7 19.e4 f4 20.exd5 exd5 21.Re1 Kf7 22.Qd2 Qf6 
23.Kg2 Bg7 24.Bg1 Rge8 25.Bd3 Bxd3 26.Qxd3 Qg6 1/2-1/2

[Event "XIX Festival Conca della Presolana Magistrale"]
[Site "Bratto - Castione della Presolana ITA"]
[Date "1999.08.24"]
[Round "3"]
[White "Everet, Alexandro"]
[Black "Dorighet, Claudio"]
[Result "1-0"]
[WhiteElo "2294"]
[BlackElo "2121"]
[PlyCount "57"]
[EventDate "1999.08.22"]

1.d4 e6 2.Nf3 f5 3.c4 Nf6 4.a3 Be7 5.Nc3 O-O 6.Bg5 Ne4 7.Bxe7 Qxe7 8.Qc2 
Nxc3 9.Qxc3 a5 10.e3 d6 11.Be2 b6 12.h4 a4 13.h5 c5 14.h6 Rf7 15.hxg7 Rxg7
16.O-O-O Nd7 17.Rh6 Nf8 18.Nd2 Bb7 19.d5 e5 20.g4 Bc8 21.gxf5 Bxf5 22.Bd3 
e4 23.Qf6 Bg6 24.Qxe7 Rxe7 25.Bc2 Kg7 26.Rh4 Rae8 27.Rg1 Kf7 28.Rf4+ Kg7 
29.Nxe4 1-0

[Event "XIX Festival Conca della Presolana Magistrale"]
[Site "Bratto - Castione della Presolana ITA"]
[Date "1999.08.24"]
[Round "3"]
[White "Galli, Fabio"]
[Black "Lapiccirella, Daniele"]
[Result "1/2-1/2"]
[WhiteElo "2158"]
[BlackElo "1891"]
[PlyCount "84"]
[EventDate "1999.08.22"]

1.e4 c5 2.Nc3 e6 3.f4 Nc6 4.Nf3 d5 5.e5 Nge7 6.d4 cxd4 7.Nxd4 Nxd4 8.Qxd4 
Nf5 9.Qf2 Bb4 10.Bd2 Bd7 11.Nb5 Bxd2+ 12.Qxd2 a6 13.Nc3 Bc6 14.Bd3 Qh4+ 
15.Qf2 Qxf2+ 16.Kxf2 Ne7 17.Ne2 O-O 18.Nd4 Bd7 19.Rhe1 Rac8 20.Re3 Nc6 21.
c3 Nxd4 22.cxd4 Rc6 23.Ree1 Rfc8 24.Ke3 Kf8 25.Kd2 g6 26.Rec1 Ke7 27.Rxc6 
Rxc6 28.Rc1 Rxc1 29.Kxc1 h5 30.Kd2 Kd8 31.Ke3 Ke7 32.h3 Kd8 33.g4 hxg4 34.
hxg4 Ke7 35.Kf3 a5 36.Kg3 f5 37.gxf5 gxf5 38.Kh4 Kf7 39.Kg5 Kg7 40.b3 Be8 
41.a4 Bd7 42.Be2 Be8 1/2-1/2

[Event "XIX Festival Conca della Presolana Magistrale"]
[Site "Bratto - Castione della Presolana ITA"]
[Date "1999.08.24"]
[Round "3"]
[White "Giretti Kanev, Jasen"]
[Black "Trabert, Bettina"]
[Result "0-1"]
[WhiteElo "2152"]
[BlackElo "2301"]
[PlyCount "118"]
[EventDate "1999.08.22"]

1.d4 d5 2.c4 e6 3.Nc3 c6 4.Nf3 dxc4 5.a4 Bb4 6.Bf4 Nf6 7.Qc1 Nbd7 8.Nd2 
Nb6 9.a5 Nbd5 10.Bg5 h6 11.Bh4 Bxa5 12.Nxc4 Bc7 13.e3 Nxc3 14.bxc3 g5 15.
Bg3 Bxg3 16.hxg3 Kf8 17.Bd3 Kg7 18.Ne5 Nd7 19.Nc4 Qc7 20.f4 c5 21.Kf2 cxd4
22.cxd4 gxf4 23.gxf4 Nf6 24.Qd1 b6 25.Ne5 Bd7 26.Rc1 Qd6 27.Ng4 Qd5 28.Rh2
Ne4+ 29.Bxe4 Qxe4 30.Qf3 Qxf3+ 31.gxf3 Rac8 32.Rxc8 Bxc8 33.Kg3 Bb7 34.Ra2
a6 35.Rb2 b5 36.Ne5 Rc8 37.Nd7 Rc3 38.Nc5 Bc8 39.e4 Rc4 40.Ra2 Rxd4 41.
Nxa6 Bxa6 42.Rxa6 Rd2 43.Rb6 Rb2 44.Kg4 b4 45.e5 b3 46.f5 Rb1 47.fxe6 fxe6
48.Kg3 b2 49.Kg2 Kf7 50.f4 h5 51.Kh2 h4 52.Kg2 h3+ 53.Kh2 Kg7 54.Rb8 Kg6 
55.Rg8+ Kf5 56.Rg5+ Ke4 57.Rg4 Re1 58.f5+ Kxf5 59.Rf4+ Kxf4 0-1

[Event "XIX Festival Conca della Presolana Magistrale"]
[Site "Bratto - Castione della Presolana ITA"]
[Date "1999.08.24"]
[Round "3"]
[White "Gorelli Fagiolini, Marco"]
[Black "Borgo, Giulio"]
[Result "0-1"]
[WhiteElo "2206"]
[BlackElo "2444"]
[PlyCount "94"]
[EventDate "1999.08.22"]

1.e4 c5 2.Nf3 e6 3.d4 cxd4 4.Nxd4 Nc6 5.Nc3 a6 6.Nxc6 bxc6 7.Bd3 d5 8.O-O 
Nf6 9.Qe2 Be7 10.b3 Nd7 11.Na4 Bb7 12.Bb2 O-O 13.c4 Re8 14.cxd5 exd5 15.
exd5 cxd5 16.Rfe1 Nf6 17.Bxf6 Bxf6 18.Qxe8+ Qxe8 19.Rxe8+ Rxe8 20.Rc1 Rc8 
21.Rxc8+ Bxc8 22.b4 Be7 23.a3 Kf8 24.Nb6 Bb7 25.Nd7+ Ke8 26.Nb8 a5 27.bxa5
Kd8 28.a6 Ba8 29.Bb5 Kc7 30.Nd7 Bxa3 31.Ne5 Kb6 32.Bd3 f6 33.Nf3 g6 34.h4 
Bc6 35.h5 gxh5 36.Bxh7 Kxa6 37.Bg6 Kb6 38.Bxh5 Kc5 39.Kf1 Kc4 40.Ke2 Kc3 
41.Bg6 Bb5+ 42.Ke1 d4 43.Nd2 Bb4 44.Kd1 Kb2 45.Nf3 Kc3 46.Nd2 d3 47.Ne4+ 
Kb2 0-1

[Event "XIX Festival Conca della Presolana Magistrale"]
[Site "Bratto - Castione della Presolana ITA"]
[Date "1999.08.24"]
[Round "3"]
[White "Griffa, Roberto"]
[Black "Mauro, Alan"]
[Result "0-1"]
[WhiteElo "2053"]
[BlackElo "2278"]
[PlyCount "70"]
[EventDate "1999.08.22"]

1.d4 Nf6 2.c4 a6 3.Nc3 c5 4.d5 b5 5.cxb5 axb5 6.e4 b4 7.Nb5 d6 8.Bf4 Nxe4 
9.Qe2 g5 10.Be5 dxe5 11.Qxe4 Bg7 12.d6 Ra5 13.Nc7+ Kf8 14.dxe7+ Qxe7 15.
Nd5 Bb7 16.Bc4 Nd7 17.Qc2 Bxd5 18.Bxd5 Nb6 19.Be4 Qe6 20.Nf3 Bf6 21.O-O 
Kg7 22.Nd2 c4 23.Bf5 Qc6 24.Rfc1 Rd8 25.g3 e4 26.Bxe4 Rxd2 27.Bxc6 Rxc2 
28.Rxc2 b3 29.Re2 Rxa2 30.Rb1 c3 31.Be4 Nc4 32.Rc1 Nd2 33.bxc3 b2 34.Rd1 
Nxe4 35.Rxe4 Bxc3 0-1

[Event "XIX Festival Conca della Presolana Magistrale"]
[Site "Bratto - Castione della Presolana ITA"]
[Date "1999.08.24"]
[Round "3"]
[White "Lantini, Marco"]
[Black "Rotstein, Arkadij"]
[Result "0-1"]
[WhiteElo "2193"]
[BlackElo "2460"]
[PlyCount "60"]
[EventDate "1999.08.22"]

1.e4 c5 2.Nf3 e6 3.d4 cxd4 4.Nxd4 a6 5.Bd3 Bc5 6.Nb3 Be7 7.Nc3 d6 8.Qg4 g6
9.f4 Qc7 10.O-O Nc6 11.a4 b6 12.Be3 Nf6 13.Qh3 h5 14.Kh1 h4 15.Bg1 Nh5 16.
Be2 Nb4 17.a5 b5 18.Bb6 Qb7 19.Nxb5 axb5 20.Qc3 e5 21.Qxb4 Nxf4 22.Bxb5+ 
Kf8 23.Qc3 Rh5 24.Bc6 Qa6 25.Rxf4 exf4 26.e5 Rxe5 27.Bxa8 Qxa8 28.h3 Bb7 
29.Rg1 f3 30.Nd4 f2 0-1

[Event "XIX Festival Conca della Presolana Magistrale"]
[Site "Bratto - Castione della Presolana ITA"]
[Date "1999.08.24"]
[Round "3"]
[White "Lanzani, Mario"]
[Black "Dervishi, Erald"]
[Result "0-1"]
[WhiteElo "2403"]
[BlackElo "2496"]
[PlyCount "50"]
[EventDate "1999.08.22"]

1.e4 e5 2.f4 exf4 3.Nf3 g5 4.h4 g4 5.Ne5 Nf6 6.Nxg4 d6 7.Nf2 Rg8 8.d4 Bh6 
9.Nc3 Nc6 10.Nd5 Nxd5 11.exd5 Ne7 12.Bd3 Nf5 13.Ng4 Qe7+ 14.Kf2 Ne3 15.
Nxe3 fxe3+ 16.Kg1 Bg4 17.Bb5+ Kf8 18.Be2 Qe4 19.Bxg4 Rxg4 20.Qe2 Ke7 21.
Rh3 Rag8 22.Rf3 Rxg2+ 23.Qxg2 Rxg2+ 24.Kxg2 Qg4+ 25.Rg3 Qe2+ 0-1

[Event "XIX Festival Conca della Presolana Magistrale"]
[Site "Bratto - Castione della Presolana ITA"]
[Date "1999.08.24"]
[Round "3"]
[White "Leoni, Fabrizio"]
[Black "Moncelli, Giorgio"]
[Result "0-1"]
[WhiteElo "1905"]
[BlackElo "2174"]
[PlyCount "62"]
[EventDate "1999.08.22"]

1.Nf3 c5 2.c4 Nc6 3.Nc3 g6 4.g3 Bg7 5.Bg2 e5 6.O-O Nge7 7.d3 O-O 8.a3 d6 
9.Rb1 a5 10.Nd2 Be6 11.Nb5 f5 12.e3 d5 13.Qe2 Qd7 14.b3 Rad8 15.Nf3 h6 16.
Bb2 dxc4 17.dxc4 e4 18.Ne1 Ne5 19.f3 exf3 20.Nxf3 N7c6 21.Nxe5 Nxe5 22.
Rbd1 Qe7 23.Nc3 Kh7 24.e4 Rxd1 25.Qxd1 Ng4 26.Qe2 Bd4+ 27.Kh1 Ne3 28.Nd5 
Bxd5 29.exd5 Bxb2 30.Qxb2 Nxf1 31.Bxf1 f4 0-1

[Event "XIX Festival Conca della Presolana Magistrale"]
[Site "Bratto - Castione della Presolana ITA"]
[Date "1999.08.24"]
[Round "3"]
[White "Luchsinger, Eric"]
[Black "Caruso, Daniele"]
[Result "0-1"]
[WhiteElo "2200"]
[BlackElo "2103"]
[PlyCount "90"]
[EventDate "1999.08.22"]

1.d4 Nf6 2.Bg5 e6 3.e4 h6 4.Bxf6 Qxf6 5.c3 Qg6 6.Qf3 d6 7.Bd3 e5 8.h3 Be7 
9.Ne2 O-O 10.dxe5 dxe5 11.Ng3 Qb6 12.Qe2 g6 13.O-O Nd7 14.Qc2 Nc5 15.Bc4 
Ne6 16.Bxe6 Bxe6 17.Nd2 Rad8 18.Nf3 Bf6 19.b3 c6 20.Rfd1 a5 21.Nf1 Qc7 22.
Rxd8 Rxd8 23.Ne3 Rd6 24.Rd1 b5 25.Rxd6 Qxd6 26.c4 Qc5 27.cxb5 Qxc2 28.Nxc2
cxb5 29.Kf1 Kf8 30.Ke2 Ke7 31.Kd2 Kd6 32.Kc3 Bd8 33.Nce1 f5 34.Nd2 Bb6 35.
Nd3 Bd7 36.f3 Bc6 37.exf5 gxf5 38.g4 Bd4+ 39.Kc2 e4 40.fxe4 fxe4 41.Ne1 
Ke5 42.Kd1 Kf4 43.Nc2 Bc5 44.Ke2 e3 45.Nf1 Bf3+ 0-1

[Event "XIX Festival Conca della Presolana Magistrale"]
[Site "Bratto - Castione della Presolana ITA"]
[Date "1999.08.24"]
[Round "3"]
[White "Malfagia, Andrea"]
[Black "Godena, Michele"]
[Result "0-1"]
[WhiteElo "2306"]
[BlackElo "2490"]
[PlyCount "52"]
[EventDate "1999.08.22"]

1.d4 d5 2.c4 e6 3.Nc3 c6 4.Nf3 Nf6 5.Bg5 h6 6.Bxf6 Qxf6 7.e3 Nd7 8.h3 g6 
9.Qd2 Bg7 10.cxd5 exd5 11.Bd3 O-O 12.e4 dxe4 13.Nxe4 Qd8 14.O-O Nf6 15.
Nxf6+ Qxf6 16.Ne5 c5 17.Rae1 cxd4 18.f4 Be6 19.f5 gxf5 20.g4 Rfe8 21.Bxf5 
Bxf5 22.Rxf5 Qd6 23.Qf4 d3 24.Rxf7 Bxe5 25.Qf5 Bh2+ 26.Kg2 Qg3+ 0-1

[Event "XIX Festival Conca della Presolana Magistrale"]
[Site "Bratto - Castione della Presolana ITA"]
[Date "1999.08.24"]
[Round "3"]
[White "Mariano, Elia"]
[Black "Ricci, Alfredo"]
[Result "1-0"]
[WhiteElo "2235"]
[BlackElo "2042"]
[PlyCount "39"]
[EventDate "1999.08.22"]

1.d4 d5 2.c4 e6 3.Nc3 Nf6 4.cxd5 exd5 5.Bg5 Be7 6.e3 O-O 7.Bd3 Nbd7 8.Qc2 
c6 9.Nge2 Re8 10.O-O Ne4 11.Bf4 f5 12.f3 Nxc3 13.Nxc3 g6 14.e4 dxe4 15.
fxe4 fxe4 16.Nxe4 Nb6 17.Be5 Nd5 18.Ng3 Ne3 19.Qf2 Nxf1 20.Bc4+ 1-0

[Event "XIX Festival Conca della Presolana Magistrale"]
[Site "Bratto - Castione della Presolana ITA"]
[Date "1999.08.24"]
[Round "3"]
[White "Mascheroni, Maurizio"]
[Black "Moloney, Nicholas R."]
[Result "0-1"]
[WhiteElo "2067"]
[BlackElo "2128"]
[PlyCount "60"]
[EventDate "1999.08.22"]

1.e4 c6 2.d4 d5 3.Nd2 dxe4 4.Nxe4 Nd7 5.Nf3 Ngf6 6.Ng3 e6 7.Bd3 Be7 8.O-O 
O-O 9.Ne5 Qc7 10.f4 c5 11.c3 cxd4 12.cxd4 Qb6 13.Kh1 g6 14.Bc2 Rd8 15.Nf3 
Nf8 16.b3 Bd7 17.Bb2 Nd5 18.Qe1 Rac8 19.Be4 Bb4 20.Qf2 Bb5 21.Rfc1 Qd6 22.
Ne5 Ba6 23.f5 Rxc1+ 24.Bxc1 exf5 25.Bxf5 f6 26.Ne4 Qe7 27.Ng4 Re8 28.Bxg6 
Nxg6 29.Ngxf6+ Nxf6 30.Nxf6+ Qxf6 0-1

[Event "XIX Festival Conca della Presolana Magistrale"]
[Site "Bratto - Castione della Presolana ITA"]
[Date "1999.08.24"]
[Round "3"]
[White "Menoni, Vincenzo"]
[Black "Battaggia, Piergiorgio"]
[Result "1/2-1/2"]
[WhiteElo "2281"]
[BlackElo "2083"]
[PlyCount "52"]
[EventDate "1999.08.22"]

1.e4 c5 2.Nc3 Nc6 3.Nge2 e5 4.Nd5 g6 5.Nec3 Nd4 6.Bc4 d6 7.O-O Be6 8.d3 
Bg7 9.a4 Nf6 10.f4 exf4 11.Bxf4 Nh5 12.Be3 Be5 13.g3 O-O 14.Bh6 Re8 15.Qd2
Nc6 16.Ne3 Qd7 17.Rab1 Bd4 18.Nd5 Ne5 19.Bb5 Nc6 20.c3 Bg7 21.Bxg7 Kxg7 
22.Nf5+ Bxf5 23.exf5 Re5 24.f6+ Kh8 25.Nf4 Qg4 26.Nxh5 Qxh5 1/2-1/2

[Event "XIX Festival Conca della Presolana Magistrale"]
[Site "Bratto - Castione della Presolana ITA"]
[Date "1999.08.24"]
[Round "3"]
[White "Pagnoncelli, Marco"]
[Black "Pass, Deborah J."]
[Result "0-1"]
[WhiteElo "2122"]
[BlackElo "2030"]
[PlyCount "86"]
[EventDate "1999.08.22"]

1.e4 g6 2.d4 Bg7 3.Be3 c6 4.f3 Qb6 5.Nc3 Qxb2 6.Nge2 Qb6 7.Qd2 d6 8.g4 h5 
9.gxh5 Rxh5 10.Ng3 Rh8 11.h4 Nf6 12.Be2 Qc7 13.Bg5 b5 14.Rb1 a5 15.a3 Nbd7
16.d5 Ne5 17.dxc6 Qxc6 18.Nxb5 Bd7 19.Rb3 Kf8 20.Rc3 Qb7 21.a4 Bxb5 22.
Bxb5 Nh5 23.Kf2 Nxg3 24.Kxg3 Nd7 25.Rc6 Nc5 26.Qd5 Ne6 27.Be3 Rh5 28.Qc4 
Qb8 29.f4 g5 30.Kg4 Rxh4+ 31.Rxh4 gxh4 32.Ba6 Qe8 33.Bb5 Qb8 34.Ba7 Qxa7 
35.Rc8+ Nd8 36.Qc6 Qg1+ 37.Kf3 Qg3+ 38.Ke2 Qg4+ 39.Ke3 Bd4+ 40.Kxd4 Qxc8 
41.Qe8+ Kg7 42.Qxe7 Ne6+ 43.Ke3 Qc5+ 0-1

[Event "XIX Festival Conca della Presolana Magistrale"]
[Site "Bratto - Castione della Presolana ITA"]
[Date "1999.08.24"]
[Round "3"]
[White "Patelli, Alessandro"]
[Black "Ragonese, Lucio Rosario"]
[Result "1/2-1/2"]
[WhiteElo "2225"]
[BlackElo "2010"]
[PlyCount "49"]
[EventDate "1999.08.22"]

1.Nf3 f5 2.d4 g6 3.g3 Bg7 4.Bg2 c5 5.c3 cxd4 6.cxd4 Nf6 7.O-O O-O 8.Qb3+ 
e6 9.Bf4 Nc6 10.Nc3 d5 11.Be5 Nxe5 12.Nxe5 Nd7 13.Nxd7 Bxd7 14.e3 Bc6 15.
a3 Qd7 16.Rfc1 Rfc8 17.Bf1 Bf8 18.Qd1 h5 19.Bd3 Bd6 20.Ne2 Kf7 21.f4 Bb5 
22.Rc3 Rxc3 23.Nxc3 Bxd3 24.Qxd3 Rc8 25.Kf2 1/2-1/2

[Event "XIX Festival Conca della Presolana Magistrale"]
[Site "Bratto - Castione della Presolana ITA"]
[Date "1999.08.24"]
[Round "3"]
[White "Perissinotto, Claudio"]
[Black "Di Fonzo, Valerio"]
[Result "0-1"]
[WhiteElo "1990"]
[BlackElo "2211"]
[PlyCount "138"]
[EventDate "1999.08.22"]

1.e4 e5 2.Nf3 Nc6 3.Bb5 Nf6 4.O-O Nxe4 5.d4 a6 6.Bxc6 dxc6 7.Re1 Nd6 8.
dxe5 Nf5 9.Qxd8+ Kxd8 10.Bg5+ Ke8 11.Nc3 h6 12.Bd2 Be6 13.Rad1 Rd8 14.Bc1 
Bb4 15.Rxd8+ Kxd8 16.Bd2 Re8 17.a3 Bf8 18.Ne2 Kc8 19.Ned4 Nxd4 20.Nxd4 Bd7
21.Nb3 c5 22.Bc3 Bf5 23.Re2 Rd8 24.h3 g5 25.g4 Be6 26.Nd2 Be7 27.Ne4 h5 
28.f3 hxg4 29.hxg4 Rd1+ 30.Kg2 Rc1 31.Nf2 c4 32.Ne4 Bd5 33.Bd4 Bxe4 34.
fxe4 Kd7 35.Rf2 Ke6 36.Kg3 Rh1 37.Kg2 Rd1 38.Bc3 Rc1 39.Re2 Bc5 40.Kh2 Rg1
41.Rg2 Rxg2+ 42.Kxg2 Be3 43.Kf3 Bf4 44.b3 cxb3 45.cxb3 Bxe5 46.Bd2 f6 47.
Ke2 c5 48.Kd3 Bd4 49.Be1 b5 50.a4 Bg1 51.axb5 axb5 52.Bg3 Bd4 53.Be1 Be5 
54.Bf2 Kd6 55.Be1 Bh2 56.Bf2 Bf4 57.Be1 Ke5 58.Bc3+ Ke6 59.Be1 Be5 60.Bf2 
Kd6 61.Be1 Ba1 62.Bf2 c4+ 63.bxc4 bxc4+ 64.Kxc4 Ke5 65.Kd3 Kf4 66.Be3+ 
Kxg4 67.Ke2 Kg3 68.Bd2 Kg2 69.Be3 Be5 0-1